Economics / (Record no. 1350)

MARC details
000 -LEADER
fixed length control field 01422cam a2200205 a 4500
020 ## - INTERNATIONAL STANDARD BOOK NUMBER
ISBN 0673983587
050 14 - CALL NUMBER
Classification number HB171.5
Item number .L733 1997
100 1# - AUTHOR
Personal name Lipsey, Richard G.,
245 10 - TITLE
Title Economics /
Statement of responsibility, etc Richard G. Lipsey, Christopher T.S. Ragan, Paul N. Courant.
250 ## - EDITION
Edition statement 9th Canadian ed.
260 ## - PUBLICATION INFORMATION
Place of publication Don Mills, ON :
Name of publisher Addison-Wesley,
Year of publication 1997.
300 ## - DESCRIPTION
Number of Pages 1 v. (various pagings) :
Other physical details ill., charts (some col.).
500 ## - NOTES
General note Meant to be accompanied by Study guide by Kenneth Grant and William Furlong; Instructor's manual; Test bank by Ingrid Kristjanson-Ragan and Christopher Ragan, transparency masters, and student software.
500 ## - NOTES
General note Test bank available in a microcomputerized version for IBM PCs, or (under the title Test master) for Macintosh computers.
505 ## - FORMATTED CONTENTS NOTE
Table of Content PART1. THE NATURE OF ECONOMICS--<br/>PART 2. AN INTRODUCTION TO DEMAND AND SUPPLY<br/>PART 3. CONSUMPTION, PRODUCTION, AND COST<br/>PART 4. PRICING AND MARKET STRUCTURE<br/>PART 5. THE MARKET FOR FACTORS OF PRODUCTION<br/>PART 6. GOVERNMENT POLICY IN THE MARKET ECONOMY<br/>PART 7. AN INTRODUCTION TO MACROECONOMICS<br/>PART 8. NATIONAL INCOME AND FISCAL POLICY<br/>PART 9. MONEY, BANKING, AND MONETARY POLICY<br/>PART 10. MACROECONOMICS PROBLEMS AND POLICIES<br/>PART 11. INTERNATIONAL ECONOMICS <br/>MATHEMATICAL NOTES<br/>GLOSSARY<br/>TIMELINE OF GRATE ECONOMISTS<br/>INDEX
650 #0 - SUBJECTS
Topical Term Economics.
700 1# - OTHER AUTHORS
Personal name Ragan, Christopher.
700 1# - OTHER AUTHORS
Personal name Courant, Paul N.
942 ## - ADDED ENTRY ELEMENTS (KOHA)
Koha item type Books
Holdings
Withdrawn status Lost status Collection code Home library Current library Shelving location Date acquired Full call number Accession Number Copy number Koha item type
    Reference Methodist University Library Main Methodist University Library Main General Stacks 07/12/2017 HB171.5 .L733 1997 11118 1 Books
Copyright © 2026  MUG Library